| 000 | 00551nam a2200205Ia 4500 | ||
|---|---|---|---|
| 003 | OSt | ||
| 005 | 20220926030335.0 | ||
| 006 | a|||||r|||| 00| 0 | ||
| 007 | ta | ||
| 008 | 220923b |||||||| |||| 00| 0 eng d | ||
| 037 | _cGeneral Book | ||
| 040 |
_aRTL _cRTL _beng |
||
| 041 |
_2eng _aeng |
||
| 082 | _aX:218z8026.N38, G8 | ||
| 245 | 0 | _aGokhale institute of politics and economics. | |
| 260 |
_aPoona _bGIPE _c1938 |
||
| 300 |
_a20p. _ccm. |
||
| 942 |
_hX:218z8026.N38, G8 _cGB _2CC |
||
| 999 |
_c649402 _d649402 |
||